[Event "Ch Bulgaria"]
[Site "masterchessopen.com Bulgaria"]
[Round "5"]
[White "Simeonov Stefan (BUL)"]
[Black "Lukov Valentin (BUL)"]
[Result "1-0"]
[WhiteElo "2375"]
[BlackElo "2435"]

1.e4 e5 2.Nf3 Nc6 3.Bb5 a6 4.Ba4 Nf6 5.O-O Be7 6.Re1 b5 7.Bb3 d6 8.c3 O-O 9.h3
Na5 10.Bc2 c5 11.d4 Bb7 12.Nbd2 cxd4 13.cxd4 exd4 14.Nxd4 Re8 15.Nf1 Bf8
16.Ng3 g6 17.Bg5 Bg7 18.a4 Nc6 19.Nxc6 Bxc6 20.axb5 axb5 21.Rxa8 Bxa8 22.Qd2
Qc7 23.Bb3 Nd7 24.Bh6 Bxh6 25.Qxh6 Nc5 26.Re3 Nxb3 27.Nh5 Qc1+ 28.Kh2 Qxb2
29.e5 {#r} 1-0

[Event "Ch URS (team) (juniors)"]
[Site "masterchessopen.com Kramatorsk (Ukraine)"]
[Round "0"]
[White "Smirin Ilia (ISR)"]
[Black "Iuldachev Saidali (UZB)"]
[Result "1-0"]
[WhiteElo "2530"]
[BlackElo "2482"]

1.e4 e5 2.Nf3 Nc6 3.Bb5 a6 4.Ba4 Nf6 5.O-O Be7 6.Re1 b5 7.Bb3 d6 8.c3 O-O 9.h3
Na5 10.Bc2 c5 11.d4 Nd7 12.Nbd2 exd4 13.cxd4 Nc6 14.d5 Nce5 15.a4 b4 16.a5 Bf6
17.Nh2 c4 18.f4 c3 19.bxc3 Ng6 20.e5 dxe5 21.f5 Ne7 22.Ne4 Nxf5 23.Rb1 Ne7
24.Ng4 Kh8 25.c4 Ng8 26.c5 Re8 27.c6 Nf8 28.d6 Be6 29.Ngxf6 gxf6 30.c7 Qc8
31.Nc5 Bd7 32.Nxd7 Nxd7 33.Bb2 b3 {#r} 1-0

[Event "Ch Manhattan Chess Club"]
[Site "masterchessopen.com New York (USA)"]
[Round "0"]
[White "Young Ronald (USA)"]
[Black "Shapiro Daniel E (USA)"]
[Result "1-0"]
[WhiteElo "2279"]
[BlackElo "2350"]

1.e4 e5 2.Nf3 Nc6 3.Bb5 a6 4.Ba4 Nf6 5.O-O Be7 6.Re1 b5 7.Bb3 d6 8.c3 O-O 9.h3
Na5 10.Bc2 c5 11.d4 Nd7 12.Nbd2 cxd4 13.cxd4 Nc6 14.d5 Nb4 15.Bb1 a5 16.a3 Na6
17.b4 Rb8 18.Qb3 Nf6 19.Bd3 Bd7 20.Nf1 Nh5 21.Ng3 Nf4 22.Bxf4 exf4 23.Ne2 a4
24.Qa2 Bf6 25.Rac1 g5 26.Ned4 Qb6 27.Nc6 Rbe8 28.e5 dxe5 29.Nfxe5 Bc8 30.Qe2
Kg7 31.Qh5 h6 32.Nxf7 Rxe1+ 33.Rxe1 Rxf7 34.Re8 {#r} 1-0

[Event "Olympiad"]
[Site "masterchessopen.com Novi Sad (Yugoslavia)"]
[Round "0"]
[White "Hamadto Izz El Din Faisal (SUD)"]
[Black "De Castro Edgar (PHI)"]
[Result "1-0"]
[WhiteElo "2215"]
[BlackElo "2385"]

1.e4 e5 2.Nf3 Nc6 3.Bb5 a6 4.Ba4 Nf6 5.c3 Be7 6.O-O b5 7.Bb3 O-O 8.Re1 d6 9.h3
Na5 10.Bc2 c5 11.d3 Qc7 12.Nbd2 Be6 13.Nf1 Rab8 14.Bg5 c4 15.d4 b4 16.d5 Bd7
17.Ne3 bxc3 18.bxc3 Qc5 19.Ba4 Bxa4 20.Qxa4 g6 21.Bxf6 Bxf6 22.Rab1 Rb5 23.Rb4
Rfb8 24.Reb1 Bd8 25.Nd2 Bg5 26.Ndxc4 Bxe3 27.Nxe3 Qxc3 28.Rxb5 Rxb5 29.Rxb5
axb5 30.Qxb5 Qe1+ 31.Nf1 Kg7 32.a3 Qc1 33.Qxa5 {#r} 1-0

[Event "It (open)"]
[Site "masterchessopen.com Val Maubuee (France)"]
[Round "0"]
[White "Metral Jean-Paul (FRA)"]
[Black "Caminade Christian (FRA)"]
[Result "1-0"]
[WhiteElo "2102"]
[BlackElo "2135"]

1.e4 e5 2.Nf3 Nc6 3.Bb5 a6 4.Ba4 Nf6 5.O-O Be7 6.Re1 b5 7.Bb3 d6 8.c3 O-O 9.h3
Na5 10.Bc2 c5 11.d4 Bb7 12.Nbd2 cxd4 13.cxd4 Rc8 14.d5 Nh5 15.Nf1 Nc4 16.b3
Nb6 17.Ne3 g6 18.Ng4 Nf4 19.Kh2 Qd7 20.Ng1 f5 21.exf5 gxf5 22.Nh6+ Kg7 23.Bxf4
Rxc2 24.Qxc2 exf4 25.Rxe7+ Qxe7 26.Nxf5+ Rxf5 27.Qxf5 Nxd5 28.Nf3 Qf7 29.Qg4+
Qg6 30.Qd7+ Qf7 31.Qxd6 h6 32.Ne5 Qf5 33.Rd1 {#r} 1-0

[Event "It \"]
[Site "masterchessopen.com Budapest (Hungary)"]
[Round "3"]
[White "Hazai Laszlo (HUN)"]
[Black "Lengyel Levente (HUN)"]
[Result "1-0"]
[WhiteElo "2413"]
[BlackElo "2293"]

1.e4 e5 2.Nf3 Nc6 3.Bb5 a6 4.Ba4 Nf6 5.O-O Be7 6.Re1 b5 7.Bb3 d6 8.c3 O-O 9.h3
Na5 10.Bc2 c5 11.d4 Bb7 12.Nbd2 cxd4 13.cxd4 exd4 14.Nxd4 Re8 15.Nf1 Bf8
16.Ng3 g6 17.Bg5 h6 18.Bf4 Rc8 19.b3 Nc6 20.Nxc6 Rxc6 21.Qd2 Qc7 22.Bd3 h5
23.f3 Bg7 24.Rad1 Nd7 25.Ne2 Ne5 26.Bb1 Qe7 27.Bg5 Bf6 28.Bxf6 Qxf6 29.f4 Nd7
30.e5 Qh4 31.Be4 Nxe5 32.fxe5 Qxe4 33.Nd4 {#r} 1-0

[Event "It (open)"]
[Site "masterchessopen.com Geneva (Switzerland)"]
[Round "0"]
[White "Keserovic Milan (SRB)"]
[Black "Slutzkin Uri (ISR)"]
[Result "0-1"]
[WhiteElo "2192"]
[BlackElo "2269"]

1.e4 e5 2.Nf3 Nc6 3.Bb5 a6 4.Ba4 Nf6 5.O-O Be7 6.Re1 b5 7.Bb3 d6 8.c3 O-O 9.h3
Na5 10.Bc2 c5 11.d4 cxd4 12.cxd4 Bb7 13.Nbd2 Rc8 14.Nf1 d5 15.exd5 exd4 16.Bf5
Rc5 17.Ng3 Rxd5 18.Bd3 Nc6 19.Nf5 Bb4 20.Re2 Qd7 21.a3 Ba5 22.g4 h5 23.N3h4
hxg4 24.Bg5 Bd8 25.Qd2 Ne5 26.Rae1 Nxd3 27.Qxd3 Qc6 28.f3 gxf3 29.Rc2 Qd7
30.Kf2 Bc8 31.Rxc8 Qxc8 32.Rg1 Qc4 33.Qxf3 {#R} 0-1

[Event "It (open)"]
[Site "masterchessopen.com Hallsberg (Sweden)"]
[Round "0"]
[White "Roberts Paul (SCO)"]
[Black "Shchekachev Andrei (FRA)"]
[Result "0-1"]
[WhiteElo "2222"]
[BlackElo "2514"]

1.e4 e5 2.Nf3 Nc6 3.Bb5 a6 4.Ba4 Nf6 5.O-O Be7 6.Re1 b5 7.Bb3 d6 8.c3 O-O 9.h3
Na5 10.Bc2 c5 11.d4 Bb7 12.d5 Nc4 13.Nbd2 Nxd2 14.Bxd2 Bc8 15.Be3 Qc7 16.Nh2
c4 17.Kh1 Bd7 18.f4 a5 19.fxe5 dxe5 20.Rf1 Ra6 21.Qe2 Ne8 22.Rf3 Rg6 23.Nf1
Bg5 24.Bxg5 Rxg5 25.Ne3 Nf6 26.Kh2 Nh5 27.g3 Qd6 28.h4 Rg6 29.a4 f5 30.exf5 e4
31.fxg6 Rxf3 32.gxh7+ Kh8 33.Nf1 Nxg3 {#R} 0-1

[Event "It (cat.10)"]
[Site "masterchessopen.com Tel Aviv (Israel)"]
[Round "0"]
[White "Murey Jacob (ISR)"]
[Black "Davies Nigel R (ENG)"]
[Result "1-0"]
[WhiteElo "2429"]
[BlackElo "2500"]

1.e4 e5 2.Nf3 Nc6 3.Bb5 a6 4.Ba4 Nf6 5.O-O Be7 6.Re1 b5 7.Bb3 d6 8.c3 O-O 9.h3
Na5 10.Bc2 c5 11.d4 cxd4 12.cxd4 Bb7 13.Nc3 Rc8 14.a3 Qc7 15.Re2 Rfe8 16.Bd3
Nc4 17.d5 Nd7 18.a4 Qa5 19.Nd2 Qb6 20.axb5 axb5 21.Nxb5 Qxb5 22.b3 Nc5 23.Bxc4
Qb6 24.Nf3 Ra8 25.Be3 Rec8 26.Rea2 g6 27.Rxa8 Bxa8 28.Ne1 Qd8 29.Qf3 Bb7
30.Nd3 Nxd3 31.Bxd3 Rc3 32.Bc4 {#r} 1-0

[Event "It"]
[Site "masterchessopen.com Budapest (Hungary)"]
[Round "3"]
[White "Berndt Stephan (GER)"]
[Black "Nagy Ervin (HUN)"]
[Result "1-0"]
[WhiteElo "2441"]
[BlackElo "2269"]

1.e4 e5 2.Nf3 Nc6 3.Bb5 a6 4.Ba4 Nf6 5.O-O Be7 6.Re1 b5 7.Bb3 d6 8.c3 O-O 9.h3
Na5 10.Bc2 c5 11.d4 Nd7 12.Nbd2 exd4 13.cxd4 Nc6 14.Nf1 cxd4 15.Nxd4 Nxd4
16.Qxd4 Qc7 17.Qd1 Bf6 18.Ne3 Bb7 19.Nf5 Rac8 20.Bb3 Nc5 21.Bd5 Rfe8 22.Nxd6
{#r} 1-0

[Event "Ch Chess Club"]
[Site "masterchessopen.com Debrecen (Hungary)"]
[Round "5"]
[White "Farsang Peter (HUN)"]
[Black "Egyed Zsolt (HUN)"]
[Result "1-0"]
[WhiteElo "2108"]
[BlackElo "2112"]

1.e4 e5 2.Nf3 Nc6 3.Bb5 a6 4.Ba4 Nf6 5.O-O Be7 6.Re1 b5 7.Bb3 O-O 8.c3 d6 9.h3
Na5 10.Bc2 c5 11.d4 Nc6 12.d5 Na5 13.Nbd2 c4 14.Nf1 Ne8 15.Ne3 g6 16.g4 Ng7
17.Kh2 h5 18.gxh5 Nxh5 19.Rg1 Qd7 20.Nf5 Kh8 21.Ng5 Ng7 22.Qg4 f6 23.Qh4+ Nh5
24.Ne6 Rf7 25.Rxg6 Rh7 26.Nh6 Bb7 27.Qxh5 {#r} 1-0

[Event "It (cat.10) \"]
[Site "masterchessopen.com Novy Smokovec (Slovakia)"]
[Round "7"]
[White "Gazik Igor (SVK)"]
[Black "Romanishin Oleg M (UKR)"]
[Result "1-0"]
[WhiteElo "2425"]
[BlackElo "2555"]

1.e4 e5 2.Nf3 Nc6 3.Bb5 a6 4.Ba4 Nf6 5.O-O Be7 6.Re1 b5 7.Bb3 d6 8.c3 O-O 9.h3
Na5 10.Bc2 c5 11.d4 Bb7 12.d5 Nc4 13.a4 Nb6 14.Qe2 Nxa4 15.Bxa4 bxa4 16.Rxa4
Nd7 17.c4 Bc8 18.Nbd2 Nb6 19.Ra3 a5 20.Nf1 a4 21.Bd2 Bd7 22.Rc1 Qc7 23.Ng3 g6
24.Bh6 Rfb8 25.Ng5 Bf8 26.Qf3 f5 27.exf5 Bxh6 28.fxg6 Rf8 29.Qh5 Kg7 30.gxh7
Rf4 31.Rf3 Rxf3 32.gxf3 Bxg5 33.Qxg5+ Kxh7 34.Nh5 {#r} 1-0

[Event "It (open)"]
[Site "masterchessopen.com Zaragoza (Spain)"]
[Round "0"]
[White "Rodriguez Lopez Rafael (ESP)"]
[Black "Royo Onde Manuel (ESP)"]
[Result "1-0"]
[WhiteElo "2313"]
[BlackElo "1864"]

1.e4 e5 2.Nf3 Nc6 3.Bb5 a6 4.Ba4 Nf6 5.O-O Be7 6.Re1 b5 7.Bb3 d6 8.c3 O-O 9.h3
Na5 10.Bc2 Bb7 11.d4 Nc4 12.b3 Nb6 13.Nbd2 Nfd7 14.Nf1 c5 15.Ne3 exd4 16.cxd4
Bf6 17.Ng4 Re8 18.Bb2 cxd4 19.Nxf6+ Nxf6 20.Qxd4 Rc8 21.Bd3 d5 22.e5 Ne4
23.Rad1 Nc5 24.e6 f6 25.Bf5 Qe7 26.Qh4 g5 27.Qh5 Ne4 28.Bd4 Rc6 29.Bxh7+ Kg7
30.Rxe4 dxe4 31.Qg6+ Kh8 32.Bxf6+ Qxf6 33.Qxf6+ Kxh7 34.Nxg5+ {#r} 1-0

[Event "It (open)"]
[Site "masterchessopen.com Athens (Greece)"]
[Round "2"]
[White "Seretakis Nikolas (GRE)"]
[Black "Mastrokoukos Georgios (GRE)"]
[Result "0-1"]
[WhiteElo "2181"]
[BlackElo "2329"]

1.e4 e5 2.Nf3 Nc6 3.Bb5 a6 4.Ba4 Nf6 5.O-O Be7 6.Re1 b5 7.Bb3 d6 8.c3 O-O 9.h3
Na5 10.Bc2 c5 11.d4 exd4 12.cxd4 Bb7 13.Nbd2 cxd4 14.Nxd4 Re8 15.b3 Bf8 16.Bb2
g6 17.Qf3 Bg7 18.b4 Nc4 19.Nxc4 bxc4 20.Rad1 Qe7 21.Qc3 Qc7 22.Nf3 Re7 23.Qd2
Nxe4 24.Rxe4 Bxe4 25.Bxg7 Bxc2 26.Bf6 Re6 {#R} 0-1

[Event "Ch France (team)"]
[Site "masterchessopen.com France"]
[Round "0"]
[White "Apicella Manuel (FRA)"]
[Black "Caminade Christian (FRA)"]
[Result "1-0"]
[WhiteElo "2495"]
[BlackElo "2135"]

1.e4 e5 2.Nf3 Nc6 3.Bb5 a6 4.Ba4 Nf6 5.O-O Be7 6.Re1 b5 7.Bb3 d6 8.c3 O-O 9.h3
Na5 10.Bc2 c5 11.d4 Bb7 12.Nbd2 cxd4 13.cxd4 Rc8 14.Nf1 d5 15.dxe5 Nxe4 16.Ne3
f5 17.Nd4 f4 18.Nxd5 Nxf2 19.Nxe7+ Qxe7 20.Kxf2 Qh4+ 21.Kg1 Bxg2 22.Nf5 Qxh3
23.Qd3 f3 24.Nh6+ {#r} 1-0

[Event "Oberliga NRW 1992/93"]
[Site "masterchessopen.com Germany"]
[Round "0"]
[White "Moiseev Viktor (RUS)"]
[Black "Dresen Ulrich (GER)"]
[Result "1-0"]
[WhiteElo "2414"]
[BlackElo "2249"]

1.e4 e5 2.Nf3 Nc6 3.Bb5 a6 4.Ba4 Nf6 5.O-O Be7 6.Re1 b5 7.Bb3 d6 8.c3 O-O 9.h3
Na5 10.Bc2 c5 11.d4 Bb7 12.Nbd2 cxd4 13.cxd4 exd4 14.Nxd4 Re8 15.b4 Nc6
16.Nxc6 Bxc6 17.Bb2 Rc8 18.Bb3 Qb6 19.Qf3 Qb7 20.Re2 Rf8 21.Rae1 Rcd8 22.Nf1
Nd7 23.Ng3 g6 24.Nf5 gxf5 25.Qg3+ {#r} 1-0

[Event "It (open)"]
[Site "masterchessopen.com Katowice (Poland)"]
[Round "9"]
[White "Gelman Alexander (RUS)"]
[Black "Eismont Oleg (RUS)"]
[Result "1-0"]
[WhiteElo "2430"]
[BlackElo "2415"]

1.e4 e5 2.Nf3 Nc6 3.Bb5 a6 4.Ba4 Nf6 5.O-O Be7 6.Re1 b5 7.Bb3 d6 8.c3 O-O 9.h3
Na5 10.Bc2 c5 11.d3 Re8 12.Nbd2 Bf8 13.Nf1 Bb7 14.Ng3 g6 15.Qe2 Bg7 16.Be3 Qc7
17.Nh2 d5 18.Rad1 Rad8 19.Bg5 h6 20.Bc1 dxe4 21.dxe4 c4 22.Ng4 Nxg4 23.hxg4
Bc6 24.Nf1 Nb7 25.Qe3 Bd7 26.Qg3 Nc5 27.Qh4 Be6 28.Bxh6 Bxh6 29.Qxh6 Bxg4
30.Rxd8 Rxd8 31.Ne3 Be6 32.Nf5 gxf5 33.exf5 Bxf5 34.Bxf5 {#r} 1-0

[Event "It (open)"]
[Site "masterchessopen.com Komotini (Greece)"]
[Round "1"]
[White "Mastrovasilis Dimitrios (GRE)"]
[Black "Ibragimov Ildar (USA)"]
[Result "0-1"]
[WhiteElo "2607"]
[BlackElo "2540"]

1.e4 Nc6 2.Nf3 e5 3.Bb5 a6 4.Ba4 Nf6 5.O-O Be7 6.Re1 b5 7.Bb3 d6 8.c3 O-O 9.h3
Na5 10.Bc2 c5 11.d4 Bb7 12.d5 Nc4 13.Nbd2 Nxd2 14.Nxd2 Nd7 15.Nf1 Bg5 16.Bxg5
Qxg5 17.Ne3 g6 18.Qg4 Qd8 19.Rad1 Kh8 20.b3 Bc8 21.Qg3 Nf6 22.Kh2 Nh5 23.Qf3
Nf4 24.g4 h5 25.Ng2 hxg4 26.hxg4 Qg5 27.Nxf4 exf4 28.Qg2 Bxg4 29.Rh1 Kg7
30.Rd2 Rh8+ 31.Kg1 Bf3 {#R} 0-1

[Event "Ch Bayern (seniors) (open)"]
[Site "masterchessopen.com Schney (Germany)"]
[Round "4"]
[White "Fischer Martin (GER)"]
[Black "Leuchter Gerhard"]
[Result "0-1"]
[WhiteElo "2142"]
[BlackElo "1908"]

1.e4 e5 2.Nf3 Nc6 3.Bb5 a6 4.Ba4 Nf6 5.O-O b5 6.Bb3 Be7 7.Re1 d6 8.h3 O-O 9.c3
Na5 10.Bc2 c5 11.b4 Nc6 12.a3 Qb6 13.d3 d5 14.exd5 Nxd5 15.Nxe5 Bf6 16.Nxc6
Qxc6 17.d4 cxd4 18.Be4 Bb7 19.cxd4 Rfe8 20.f3 Rad8 21.Bb2 Qd6 22.Nd2 Qf4
23.Nb3 Ne3 24.Qe2 Nc4 25.Nc5 Nxb2 26.Nxb7 Bxd4+ 27.Kh1 Be5 28.g4 Rd2 29.Bxh7+
Kh8 {#R} 0-1

[Event "Ch Brazil"]
[Site "masterchessopen.com Brazil"]
[Round "0"]
[White "De Souza Mauro (BRA)"]
[Black "Matsuura Everaldo (BRA)"]
[Result "1-0"]
[WhiteElo "2315"]
[BlackElo "2485"]

1.e4 e5 2.Nf3 Nc6 3.Bb5 a6 4.Ba4 Nf6 5.O-O Be7 6.Re1 b5 7.Bb3 O-O 8.c3 d6 9.h3
Na5 10.Bc2 c5 11.d3 Nc6 12.Nbd2 Re8 13.Nf1 d5 14.exd5 Qxd5 15.Bb3 Qd6 16.Ng5
Nd8 17.Ng3 h6 18.N5e4 Nxe4 19.Nxe4 Qc7 20.Qh5 Be6 21.Bxh6 gxh6 22.Qxh6 c4
23.dxc4 f5 24.Ng3 Rf8 25.cxb5 Bxb3 26.Qg6+ Kh8 27.axb3 {#r} 1-0

[Event "It (open)"]
[Site "masterchessopen.com Copenhagen (Denmark)"]
[Round "5"]
[White "Brinck-Claussen Bjorn (DEN)"]
[Black "Hansen Lars Bo (DEN)"]
[Result "0-1"]
[WhiteElo "2350"]
[BlackElo "2580"]

1.e4 e5 2.Nf3 Nc6 3.Bb5 a6 4.Ba4 Nf6 5.O-O Be7 6.Re1 b5 7.Bb3 d6 8.c3 O-O 9.h3
Na5 10.Bc2 c5 11.d4 Bb7 12.Nbd2 cxd4 13.cxd4 exd4 14.Nxd4 Re8 15.Nf1 Bf8
16.Ng3 g6 17.b3 Nd7 18.Bb2 Rc8 19.Qd2 Bg7 20.a4 b4 21.Rab1 Qb6 22.Ndf5 Bxb2
23.Rxb2 gxf5 24.Nxf5 d5 25.e5 Nxe5 26.Rxe5 Rxe5 27.Qg5+ Qg6 28.Nh6+ Kf8
29.Qxe5 Qxh6 30.Bf5 Qc1+ {#R} 0-1

[Event "Ch URS (team) (corr.)"]
[Site "masterchessopen.com corr."]
[Round "0"]
[White "Kharlamov Vladimir P (RUS)"]
[Black "Arakelov A"]
[Result "1-0"]
[WhiteElo "2418"]
[BlackElo "2200"]

1.e4 e5 2.Nf3 Nc6 3.Bb5 a6 4.Ba4 Nf6 5.O-O Be7 6.Re1 b5 7.Bb3 O-O 8.c3 d6 9.h3
Na5 10.Bc2 c5 11.d4 Bb7 12.dxe5 dxe5 13.Nbd2 Qd6 14.Nh2 g6 15.Qe2 Qe6 16.Ndf1
Nc4 17.Ng4 Rfe8 18.Nxf6+ Qxf6 19.b3 Nd6 20.c4 Qe6 21.Bd3 {#r} 1-0

[Event "Ch Hungary (team) 1993/94"]
[Site "masterchessopen.com Hungary"]
[Round "0"]
[White "Besztercsenyi Tibor (HUN)"]
[Black "Halasz Tamas (HUN)"]
[Result "1-0"]
[WhiteElo "2171"]
[BlackElo "2356"]

1.e4 e5 2.Nf3 Nc6 3.Bb5 a6 4.Ba4 Nf6 5.O-O Be7 6.Re1 b5 7.Bb3 d6 8.c3 O-O 9.h3
Na5 10.Bc2 c5 11.d4 Bb7 12.Nbd2 cxd4 13.cxd4 exd4 14.Nxd4 Re8 15.Nf1 Bf8
16.Ng3 g6 17.a4 b4 18.b3 Bg7 19.Rb1 d5 20.e5 Ne4 21.Nxe4 dxe4 22.Bxe4 Bxe4
23.Rxe4 Bxe5 24.Bf4 Bxf4 25.Rxf4 Qd6 26.Qg4 Re5 27.Nf3 f5 28.Qh4 Qd3 29.Rc1
Rd5 30.Qe7 {#r} 1-0

[Event "It (w)"]
[Site "masterchessopen.com Timishoara (Romania)"]
[Round "4"]
[White "Safranska Anda (LAT)"]
[Black "Mihai Narcisa (ROM)"]
[Result "1-0"]
[WhiteElo "2305"]
[BlackElo "2069"]

1.e4 e5 2.Nf3 Nc6 3.Bb5 a6 4.Ba4 Nf6 5.O-O Be7 6.Re1 b5 7.Bb3 d6 8.c3 O-O 9.h3
Na5 10.Bc2 c5 11.d4 Bb7 12.Nbd2 cxd4 13.cxd4 Rc8 14.d5 Nc4 15.Nf1 Re8 16.Ng3
g6 17.a4 Qc7 18.Bd3 Nd7 19.axb5 axb5 20.b3 Ncb6 21.Bxb5 Ra8 22.Be3 Rxa1
23.Qxa1 Ra8 24.Qc1 Qxc1 25.Rxc1 Bd8 26.Nd2 Ra5 27.Bc6 Ba8 28.Bxd7 {#r} 1-0

[Event "Ch Slovakia"]
[Site "masterchessopen.com Topolcianky (Slovakia)"]
[Round "2"]
[White "Manik Mikulas (SVK)"]
[Black "Sorsak Jozef Sr (SVK)"]
[Result "1-0"]
[WhiteElo "2370"]
[BlackElo "2125"]

1.e4 e5 2.Nf3 Nc6 3.Bb5 a6 4.Ba4 Nf6 5.O-O Be7 6.Re1 b5 7.Bb3 d6 8.c3 O-O 9.h3
Na5 10.Bc2 c5 11.d3 Re8 12.Nbd2 Bf8 13.a4 Bb7 14.Nf1 g6 15.Ng3 Bg7 16.d4 cxd4
17.cxd4 exd4 18.Nxd4 Qb6 19.Nf3 d5 20.e5 Nd7 21.Be3 Qc7 22.axb5 axb5 23.Nd4
Bxe5 24.Nxb5 Qb8 25.Qg4 Bc8 26.Qa4 Nb6 27.Bxb6 Qxb6 28.Nc7 {#r} 1-0

[Event "Ch Asturias (team)"]
[Site "masterchessopen.com Asturias (Spain)"]
[Round "0"]
[White "Lana Prieto Jose Ramon (ESP)"]
[Black "Alonso Perez Jose Ramon (ESP)"]
[Result "0-1"]
[WhiteElo "2033"]
[BlackElo "2014"]

1.e4 e5 2.Nf3 Nc6 3.Bb5 a6 4.Ba4 Nf6 5.O-O Be7 6.Re1 b5 7.Bb3 d6 8.c3 O-O 9.h3
Na5 10.Bc2 c5 11.d4 cxd4 12.cxd4 Qc7 13.Nc3 Bb7 14.Bb1 Rac8 15.a3 Rfe8 16.Ba2
Nc4 17.Nd5 Nxd5 18.exd5 Bf6 19.dxe5 dxe5 20.Bg5 Qd6 21.Bxc4 Rxc4 22.b3 Rc5
{#R} 0-1

[Event "It (open)"]
[Site "masterchessopen.com Decin (Czech Republic)"]
[Round "8"]
[White "Sikorsky Horst (GER)"]
[Black "Jedlicka Jan (CZE)"]
[Result "0-1"]
[WhiteElo "2123"]
[BlackElo "2029"]

1.e4 e5 2.Nf3 Nc6 3.Bb5 a6 4.Ba4 Nf6 5.O-O Be7 6.Re1 b5 7.Bb3 d6 8.c3 O-O 9.h3
Na5 10.Bc2 c5 11.d3 h6 12.Nbd2 Be6 13.Nf1 Nc6 14.g4 Nh7 15.Ng3 Ng5 16.Kh2 d5
17.Nxg5 Bxg5 18.Qf3 d4 19.Bxg5 hxg5 20.Bb3 Ne7 21.Nf5 Ng6 22.cxd4 cxd4 23.Bd5
Ra7 24.Rec1 Rc7 25.Qh1 Rxc1 26.Rxc1 Nf4 27.Qf3 g6 28.Bxe6 Nxe6 29.Ng3 Kg7
30.Ne2 Qa5 {#R} 0-1

[Event "It (open)"]
[Site "masterchessopen.com Hania (Greece)"]
[Round "1"]
[White "Tzoumbas Anastasios (GRE)"]
[Black "Fanouraki Niki (GRE)"]
[Result "1-0"]
[WhiteElo "2360"]
[BlackElo "2070"]

1.e4 e5 2.Nf3 Nc6 3.Bb5 a6 4.Ba4 Nf6 5.O-O b5 6.Bb3 Be7 7.Re1 O-O 8.c3 d6 9.h3
Na5 10.Bc2 c5 11.d4 exd4 12.cxd4 Nd7 13.Nc3 Nc6 14.Nd5 Re8 15.Nxe7+ Nxe7
16.Bf4 Nf8 17.Be3 Ne6 18.Re2 Bb7 19.Rd2 cxd4 20.Nxd4 Ng6 21.Nf5 Qf6 22.Nxd6
Re7 23.Bb3 h6 24.Nxb7 Rxb7 25.Bd5 {#r} 1-0

[Event "It (open) \"]
[Site "masterchessopen.com Kuopio (Finland)"]
[Round "0"]
[White "Holmsten Aleksei (FIN)"]
[Black "Joentausta Hannu (FIN)"]
[Result "1-0"]
[WhiteElo "2320"]
[BlackElo "2162"]

1.e4 e5 2.Nf3 Nc6 3.Bb5 a6 4.Ba4 Nf6 5.O-O Be7 6.Re1 b5 7.Bb3 d6 8.c3 O-O 9.h3
Na5 10.Bc2 c5 11.d4 cxd4 12.cxd4 Nc6 13.Nc3 Bb7 14.d5 Nb8 15.b4 a5 16.Rb1 axb4
17.Rxb4 Qa5 18.Rxb5 Qxc3 19.Rxb7 Bd8 20.Bb1 Qc8 21.Rb3 Na6 22.Nh4 Ba5 23.Nf5
Qd7 24.Bg5 Ne8 25.Rf1 f6 26.Be3 Bb4 27.Bd3 Nec7 28.Qg4 Kh8 29.Rfb1 Rab8 30.Qe2
Qa4 31.Ne7 Bc5 32.Bxc5 dxc5 33.d6 {#r} 1-0

[Event "It (open) (juniors)"]
[Site "masterchessopen.com Plzen (Czech Republic)"]
[Round "4"]
[White "Rozmbersky David (CZE)"]
[Black "Koubkova Alena (CZE)"]
[Result "1-0"]
[WhiteElo "2207"]
[BlackElo "2038"]

1.e4 e5 2.Nf3 Nc6 3.Bb5 a6 4.Ba4 Nf6 5.O-O Be7 6.Re1 b5 7.Bb3 d6 8.c3 O-O 9.h3
Na5 10.Bc2 c5 11.d3 Qc7 12.Nbd2 Nc6 13.Nf1 d5 14.Bg5 d4 15.a4 Bd7 16.g4 Ne8
17.axb5 Bxg5 18.bxc6 Qxc6 19.Nxg5 Qh6 20.Qc1 Qh4 21.Kg2 h5 22.Nf3 Qf6 23.N1h2
{#r} 1-0

[Event "It (open)"]
[Site "masterchessopen.com Sarospatak (Hungary)"]
[Round "0"]
[White "Suto Gabor (HUN)"]
[Black "Menyhart Tibor (HUN)"]
[Result "1-0"]
[WhiteElo "2184"]
[BlackElo "2215"]

1.e4 e5 2.Nf3 Nc6 3.Bb5 a6 4.Ba4 Nf6 5.O-O Be7 6.Re1 b5 7.Bb3 d6 8.c3 O-O 9.h3
Na5 10.Bc2 c5 11.d4 Nd7 12.Nbd2 cxd4 13.cxd4 Nc6 14.Nf1 Qc7 15.Be3 Nb4 16.Bb3
a5 17.a3 Na6 18.Rc1 Qb8 19.Ng3 g6 20.Bh6 Re8 21.Bxf7+ Kxf7 22.Qb3+ Kf6 23.Ng5
{#r} 1-0

[Event "Ch Yugoslavia (team) (2 liga)"]
[Site "masterchessopen.com Tivat (Yugoslavia)"]
[Round "6"]
[White "Pejovic Branko (MNE)"]
[Black "Jovcic Milan (YUG)"]
[Result "0-1"]
[WhiteElo "2220"]
[BlackElo "2227"]

1.e4 e5 2.Nf3 Nc6 3.Bb5 a6 4.Ba4 Nf6 5.O-O Be7 6.Re1 b5 7.Bb3 d6 8.c3 O-O 9.h3
Na5 10.Bc2 c5 11.d3 Nc6 12.Nbd2 Re8 13.a4 Bb7 14.Nf1 h6 15.Ng3 Bf8 16.Nf5 d5
17.Qe2 d4 18.g4 Nh7 19.h4 dxc3 20.bxc3 b4 21.cxb4 Nxb4 22.g5 hxg5 23.hxg5 g6
24.Nh6+ Bxh6 25.gxh6 Qd7 26.Nh2 Rad8 27.Be3 Nxc2 28.Qxc2 Qxd3 29.Qxd3 Rxd3
30.Bxc5 Rc8 31.Rac1 Ng5 32.Be7 Nh3+ 33.Kg2 Nf4+ 34.Kf1 Rxc1 {#R} 0-1

[Event "It (open) (w)"]
[Site "masterchessopen.com Zadar (Croatia)"]
[Round "0"]
[White "Hagarova Zuzana (SVK)"]
[Black "Mihalincic Irena (CRO)"]
[Result "1-0"]
[WhiteElo "2215"]
[BlackElo "2030"]

1.e4 e5 2.Nf3 Nc6 3.Bb5 a6 4.Ba4 Nf6 5.O-O Be7 6.Re1 b5 7.Bb3 d6 8.c3 O-O 9.h3
Na5 10.Bc2 c5 11.d4 cxd4 12.cxd4 exd4 13.Nxd4 Re8 14.Nc3 Bf8 15.Bg5 h6 16.Bh4
Bb7 17.f4 Nc6 18.Nd5 Be7 19.Nxe7+ Nxe7 20.Bxf6 gxf6 21.Kh1 Ng6 22.Qh5 Qb6
23.Nf5 Bc8 24.Bb3 Bxf5 25.exf5 {#r} 1-0

[Event "Ch Denmark (team) 1995/96"]
[Site "masterchessopen.com Denmark"]
[Round "5"]
[White "Nordenbaek Jan (DEN)"]
[Black "Ochsner Thomas (DEN)"]
[Result "0-1"]
[WhiteElo "2252"]
[BlackElo "2335"]

1.e4 e5 2.Nf3 Nc6 3.Bb5 a6 4.Ba4 Nf6 5.O-O Be7 6.Re1 b5 7.Bb3 d6 8.c3 O-O 9.h3
Na5 10.Bc2 c5 11.d4 Bb7 12.Nbd2 cxd4 13.cxd4 exd4 14.Nxd4 Re8 15.b3 Bf8 16.Bb2
g6 17.Qb1 Bg7 18.Bd3 Rc8 19.N4f3 d5 20.e5 Nd7 21.h4 Nc5 22.Ng5 Nc6 23.Ndf3
Nxd3 24.Qxd3 Nb4 25.Qd2 Nc2 26.e6 f6 27.Nf7 Qe7 28.h5 Rc6 29.N3g5 Nxe1 30.Rxe1
fxg5 31.Bxg7 Rxe6 {#R} 0-1

[Event "Cup Germany (team) (w)"]
[Site "masterchessopen.com Germany"]
[Round "0"]
[White "Kalies Grit Dr (GER)"]
[Black "Lorenz Oda (GER)"]
[Result "1-0"]
[WhiteElo "2032"]
[BlackElo "1870"]

1.e4 e5 2.Nf3 Nc6 3.Bb5 a6 4.Ba4 Nf6 5.O-O Be7 6.Re1 b5 7.Bb3 d6 8.c3 O-O 9.h3
Na5 10.Bc2 c5 11.d4 cxd4 12.cxd4 Qc7 13.Bg5 Bd7 14.Nbd2 Rac8 15.Rc1 Nc6 16.Bb1
Qb6 17.Nb3 h6 18.dxe5 hxg5 19.exf6 gxf6 20.e5 fxe5 21.Nxg5 Kg7 22.Qh5 f5
23.Qh7+ Kf6 24.Qh6# 1-0

[Event "It (open)"]
[Site "masterchessopen.com Hlohovec (Slovakia)"]
[Round "5"]
[White "Jurcisin Imrich (SVK)"]
[Black "Sycova Miroslava (SVK)"]
[Result "1-0"]
[WhiteElo "2041"]
[BlackElo "2067"]

1.e4 e5 2.Nf3 Nc6 3.Bb5 a6 4.Ba4 Nf6 5.O-O Be7 6.Re1 b5 7.Bb3 d6 8.c3 O-O 9.h3
Na5 10.Bc2 c5 11.d4 Nd7 12.Nbd2 Bf6 13.Nf1 cxd4 14.cxd4 Nc6 15.Be3 Nb6 16.b3
Rb8 17.Rc1 Re8 18.Bb1 Bd7 19.Qd2 Ne7 20.Rcd1 Nec8 21.Qb4 Qc7 22.Rc1 Qb7
23.Red1 Ra8 24.Qa5 Bd8 25.Qc3 Bf6 26.dxe5 dxe5 27.Qc7 Ra7 28.Rxd7 Nxd7 29.Bxa7
Qxc7 30.Rxc7 Nf8 31.Be3 {#r} 1-0